| 000 | 00702nam a2200193Ia 4500 | ||
|---|---|---|---|
| 003 | IN-BaIIA | ||
| 008 | 211028s9999 xx 000 0 eng d | ||
| 020 | _a978-1-919713-75-5 | ||
| 040 | _cIIA Library | ||
| 080 |
_a968.04(092) _bWAR |
||
| 100 |
_aWarner, Brian _911182 |
||
| 245 | 0 |
_aCape landscapes _bSir John Herschel's Sketches 1834-1838 _cBrian Warner |
|
| 260 |
_aCape Town _bUniversity of Cape Town Press _c2006 |
||
| 300 | _a179p. | ||
| 650 |
_aFeldhausen (Cape Town, South Africa) _932797 |
||
| 650 |
_aHerschel, John F. W. -- (John Frederick William), -- 1792-1871 _932798 |
||
| 650 |
_aLandscape painting -- 19th century _932799 |
||
| 942 | _cBK | ||
| 999 |
_c17385 _d17385 |
||